01001nam a2200217 i 4500001000700000003000900007005001700016007000300033008004100036100004200077245013500119260005600254300006100310500007400371700005400445710007100499710004300570852003100613999001900644952012000663147736ES-MaACL20230906202230.0t|071005s1947 sp ||||1| spa d1 aUnzueta y Yuste, Abelardo de.911203710aGeografía histórica de la isla de Fernando Póo / cpor Abelardo de Unzueta y Yuste ; prólogo de José Mª Cordero Torres. aMadrid : bInstituto de Estudios Africanos, c1947. a498 p., 1 h. con 2 map. con 11 lám. : bil. ; c24 cm. aPrecede al tít.: Consejo Superior de Investigaciones Científicas.1 aCordero Torres, José María,d1909-19779405272 aConsejo Superior de Investigaciones Científicas (España)932362 aInstituto de Estudios Africanos.94881 aES-MaACLjC-5313 bR.25516 c147736d147736 00104070aATENEOMbATENEOMcSPALd2008-01-17eSCl0oC-5313p1154173r2023-02-23 00:00:00w2023-02-23yMONOGRAFIA